The Worlds 45 Landlocked Countries - Map - Statistics

General Stats
  • This quiz has been taken 102 times
    35 since last reset
  • The average score is 38 of 45
Answers on the Map
Answers color-coded by a green-red scale on the quiz's map according to % correct below.
 
Answer Stats
Country % Correct
Austria
93%
Czechia
93%
Mongolia
93%
Paraguay
93%
Central African Republic
90%
Chad
90%
Hungary
90%
Liechtenstein
90%
Luxembourg
90%
Niger
90%
Slovakia
90%
Switzerland
90%
Vatican City
90%
Belarus
86%
Bhutan
86%
Kosovo
86%
Mali
86%
Moldova
86%
San Marino
86%
Serbia
86%
South Sudan
86%
Zambia
86%
Afghanistan
83%
Bolivia
83%
Eswatini
83%
Kazakhstan
83%
Lesotho
83%
Malawi
83%
Nepal
83%
North Macedonia
83%
Rwanda
83%
Zimbabwe
83%
Andorra
79%
Armenia
79%
Kyrgyzstan
79%
Laos
79%
Tajikistan
79%
Turkmenistan
79%
Uganda
79%
Uzbekistan
79%
Botswana
76%
Burkina Faso
76%
Burundi
76%
Azerbaijan
72%
Ethiopia
69%
No matching quizzes found
Score Distribution
Percent of People with Each Score
Percentile by Number Answered
Your Score History
You have not taken this quiz since the last reset